000 00690nab a22002297a 4500
001 20508
003 HDC
007 cr bn ---aaaaa
008 210128c20091013my ||||o |||| 00| 00eng d
040 _aHDC
245 0 _aJapan aids growth project
336 _atext
_2rdacontent
337 _acomputer
_2rdamedia
338 _aonline resource
_2rdacarrier
650 _aEconomic
_9313
650 _aHalal industry
_9144
710 _aDagangHalal.com
856 _zRequest full-text at [email protected]
942 _2lcc
942 _cNEWS
942 _kNWSO 007778
999 _c17824
_d17824